000 00424nam a2200193Ia 4500
005 20240823035150.0
008 240823s9999||||xx |||||||||||||| ||und||
020 _a978-93-5009-254-5
041 _aENGLISH
082 _A823.92 Q1
100 _aShivani Singh
245 0 _aLonely Gods
250 _a1st
260 _c2011
_bHhachette
500 _aYES
650 _aNovel
_bEnglish
942 _cBK
999 _c200031
_d200031